[Event "Erandio op 28th"]
[Site "Erandio"]
[Date "2019.12.21"]
[Round "8"]
[White "Sadusea, Johnny Fernando"]
[Black "Trigo Urquijo, Sergio"]
[Result "0-1"]
[WhiteElo "2132"]
[BlackElo "2368"]
[PlyCount "104"]
[EventDate "2019.12.14"]
[EventType "swiss"]
[EventRounds "8"]
[EventCountry "ESP"]
[SourceTitle "CBM 194 Extra"]
[Source "ChessBase"]
[SourceDate "2020.03.31"]
[SourceVersion "1"]
[SourceVersionDate "2020.03.31"]
[SourceQuality "1"]

1. e4 e6 2. d4 d5 3. e5 c5 4. c3 Nc6 5. Nf3 Bd7 6. a3 c4 7. Nbd2 Na5 8. Be2 Bc6 9. 0-0 Qd7 10. Qe1 Ba4 11. Bd1 Ne7 12. Bxa4 Qxa4 13. Qd1 Qxd1 14. Rxd1 f5 15. Ng5 Kd7 16. f4 h6 17. Ngf3 Rg8 18. h4 g6 19. Rb1 Nec6 20. Nf1 Nb3 21. Be3 Be7 22. Kf2 b5 23. N1d2 Nxd2 24. Bxd2 a5 25. g3 h5 26. Ke3 Rgb8 27. Be1 b4 28. axb4 axb4 29. Ra1 Kc7 30. Bd2 Na5 31. Be1 Nb3 32. Rxa8 Rxa8 33. cxb4 Rb8 34. Bc3 Bxb4 35. Ng1 Bxc3 36. bxc3 Ra8 37. Re1 Ra2 38. Re2 Ra1 39. Kf2 Rc1 40. Ra2 Rxc3 41. Ne2 Rd3 42. Ra7+ Kb6 43. Re7 Nxd4 44. Nxd4 Rxd4 45. Rxe6+ Kc5 46. Ke3 Rd3+ 47. Ke2 Kd4 48. Rxg6 Re3+ 49. Kd1 Kd3 50. Rd6 d4 51. e6 c3 52. Rc6 Re4 0-1

[Event "Getxo op 4th"]
[Site "Getxo"]
[Date "2019.09.13"]
[Round "7"]
[White "Sadusea, Johnny Fernando"]
[Black "Calleja Gonzalez, Unai"]
[Result "1-0"]
[WhiteElo "2150"]
[BlackElo "1797"]
[PlyCount "36"]
[EventDate "2019.09.08"]
[EventType "swiss"]
[EventRounds "9"]
[EventCountry "ESP"]
[SourceTitle "EXT 2020"]
[Source "ChessBase"]
[SourceDate "2019.10.17"]
[SourceVersion "1"]
[SourceVersionDate "2019.10.17"]
[SourceQuality "1"]

1. e4 e6 2. d4 d5 3. exd5 exd5 4. Bd3 Bd6 5. h3 Ne7 6. Nf3 c6 7. 0-0 0-0 8. Re1 Ng6 9. Nc3 Re8 10. Bg5 f6 11. Be3 Nd7 12. Qd2 Ndf8 13. a3 Bd7 14. Bf1 Qc7 15. Rad1 Re7 16. b4 a6 17. Na4 b5 18. Nc5 Bxc5 1-0

[Event "Basque-ch"]
[Site "Getxo"]
[Date "2019.04.22"]
[Round "1"]
[White "Galarza Docampo, Karmel"]
[Black "Sadusea, Johnny Fernando"]
[Result "0-1"]
[WhiteElo "1913"]
[BlackElo "2150"]
[PlyCount "98"]
[EventDate "2019.04.22"]
[EventType "swiss"]
[EventRounds "7"]
[EventCountry "ESP"]
[SourceTitle "CBM 190 Extra"]
[Source "ChessBase"]
[SourceDate "2019.07.15"]
[SourceVersion "1"]
[SourceVersionDate "2019.07.15"]
[SourceQuality "1"]

1. d4 Nf6 2. c4 e6 3. Nc3 d5 4. Bg5 c6 5. e3 Nbd7 6. Nf3 Bd6 7. Qc2 0-0 8. a3 Qe7 9. Rd1 h6 10. Bh4 Bb8 11. Be2 dxc4 12. Bxc4 e5 13. 0-0 e4 14. Nd2 g5 15. Bg3 Bxg3 16. hxg3 Nb6 17. Ba2 Re8 18. f3 Nbd5 19. Rde1 Nxc3 20. bxc3 Be6 21. fxe4 Bxa2 22. Qxa2 Ng4 23. e5 Qe6 24. Qc2 Kg7 25. Ne4 Qg6 26. Qd3 Qh5 27. Rf5 Qh2+ 28. Kf1 Qh1+ 29. Ke2 Qxg2+ 30. Kd1 Re6 31. Qc2 Qxc2+ 32. Kxc2 Rae8 33. Kd3 b6 34. Ref1 R8e7 35. Nd6 f6 36. exf6+ Nxf6 37. Nc4 Ng4 38. a4 a6 39. e4 b5 40. axb5 axb5 41. Nd2 Nf6 42. e5 Nd5 43. Ne4 Ra7 44. Nf6 Ne7 45. Ne8+ Kg6 46. Rf6+ Rxf6 47. exf6 Nd5 48. c4 bxc4+ 49. Kxc4 Ne3+ 0-1

[Event "Euskadi-chT (Vasca) Div 1st"]
[Site "Bergara"]
[Date "2019.01.12"]
[Round "1.2"]
[White "Sadusea, Johnny Fernando"]
[Black "Gete Rodriguez, Isidro"]
[Result "1-0"]
[WhiteElo "2076"]
[BlackElo "2126"]
[PlyCount "79"]
[EventDate "2019.01.12"]
[EventType "team-tourn"]
[EventRounds "9"]
[EventCountry "ESP"]
[SourceTitle "EXT 2021"]
[Source "ChessBase"]
[SourceDate "2020.10.23"]
[SourceVersion "1"]
[SourceVersionDate "2020.10.23"]
[SourceQuality "1"]
[WhiteTeam "Conteneo Bilbao Haitzak"]
[BlackTeam "Danubio"]
[WhiteTeamCountry "ESP"]
[BlackTeamCountry "ESP"]

1. e4 c5 2. Nf3 Nc6 3. d4 cxd4 4. Nxd4 e5 5. Nb5 d6 6. N1c3 a6 7. Na3 Be7 8. Be3 Be6 9. Nc4 b5 10. Nb6 Rb8 11. Ncd5 Nf6 12. Nxf6+ Bxf6 13. Nd5 Bxd5 14. Qxd5 Ne7 15. Qd2 d5 16. Bd3 d4 17. Bg5 Ng6 18. Bxf6 Qxf6 19. 0-0 h5 20. Rfe1 h4 21. Bf1 Nf4 22. c3 Rd8 23. a4 0-0 24. axb5 axb5 25. g3 dxc3 26. Qxc3 Ne6 27. Ra6 Rc8 28. Qe3 Rc2 29. Re2 Rc7 30. Bh3 Rd8 31. Bxe6 fxe6 32. Kg2 Rcd7 33. Ra3 b4 34. Rb3 Rd1 35. h3 hxg3 36. Qxg3 Rb1 37. Rf3 Qh6 38. Qxe5 Rdd1 39. Rg3 Rg1+ 40. Kf3 1-0

[Event "Elgoibar Danobat U2200 op 1st"]
[Site "Elgoibar"]
[Date "2018.10.25"]
[Round "3"]
[White "Gallastegui Arregi, Aitor"]
[Black "Sadusea, Johnny Fernando"]
[Result "1/2-1/2"]
[WhiteElo "1890"]
[BlackElo "2077"]
[PlyCount "119"]
[EventDate "2018.09.27"]
[EventType "swiss"]
[EventRounds "7"]
[EventCountry "ESP"]
[SourceTitle "EXT 2020"]
[Source "ChessBase"]
[SourceDate "2019.10.17"]
[SourceVersion "1"]
[SourceVersionDate "2019.10.17"]
[SourceQuality "1"]

1. d4 Nf6 2. c4 e6 3. Nf3 b6 4. g3 Bb7 5. Bg2 Bb4+ 6. Bd2 Be7 7. Nc3 0-0 8. 0-0 d5 9. cxd5 exd5 10. Rc1 c5 11. dxc5 bxc5 12. Bg5 Nbd7 13. Nh4 g6 14. Bh6 Re8 15. Nxd5 Nxd5 16. Bxd5 Bxd5 17. Qxd5 Bxh4 18. gxh4 Qxh4 19. Qxd7 Qxh6 20. Rxc5 Rxe2 21. Rc8+ Rxc8 22. Qxc8+ Qf8 23. Qxf8+ Kxf8 24. Rb1 h5 25. Kg2 Ke7 26. Kf3 Re6 27. Rd1 g5 28. Rd4 Kf6 29. a4 a5 30. b4 axb4 31. Rxb4 Re8 32. Rb6+ Kg7 33. Rb4 Kg6 34. Rb6+ f6 35. a5 Re5 36. Ra6 Kf5 37. Ra8 h4 38. h3 Rb5 39. a6 Rb3+ 40. Kg2 Ra3 41. a7 Kf4 42. Rf8 Rxa7 43. Rxf6+ Ke5 44. Rf8 Ra6 45. Re8+ Kf6 46. Rf8+ Kg7 47. Rf5 Kg6 48. Rf8 Rf6 49. Rg8+ Kf7 50. Rb8 Rf5 51. Rb6 Rf6 52. Rb7+ Kg6 53. Rb8 Re6 54. Rf8 Rf6 55. Rb8 Rf7 56. Rb6+ Kh5 57. Rb8 Rg7 58. Rb5 Kh6 59. Rb6+ Rg6 60. Rb4 1/2-1/2

[Event "Elgoibar Danobat U2200 op 1st"]
[Site "Elgoibar"]
[Date "2018.10.11"]
[Round "2"]
[White "Sadusea, Johnny Fernando"]
[Black "Leon Reinares, Mikel"]
[Result "1-0"]
[WhiteElo "2077"]
[BlackElo "1707"]
[PlyCount "89"]
[EventDate "2018.09.27"]
[EventType "swiss"]
[EventRounds "7"]
[EventCountry "ESP"]
[SourceTitle "EXT 2020"]
[Source "ChessBase"]
[SourceDate "2019.10.17"]
[SourceVersion "1"]
[SourceVersionDate "2019.10.17"]
[SourceQuality "1"]

1. e4 e5 2. Nf3 Nc6 3. d4 exd4 4. Nxd4 Bc5 5. Nb3 Bb6 6. Nc3 a6 7. Qe2 Nd4 8. Nxd4 Bxd4 9. Bd2 d6 10. 0-0-0 Be6 11. f4 f6 12. f5 Bf7 13. Qg4 g6 14. Ne2 h5 15. Qf3 Be5 16. fxg6 Bxg6 17. Bc3 Qe7 18. Nf4 Bxf4+ 19. Qxf4 0-0-0 20. Bd3 Qe6 21. Kb1 Qg4 22. Rhf1 Qxf4 23. Rxf4 Re8 24. Re1 Rf8 25. Bc4 Bf7 26. Bd3 Bg6 27. g3 Kd7 28. Kc1 Rh7 29. Ref1 Re7 30. Rh4 c5 31. a4 Rh7 32. b3 Kc6 33. Bc4 Bf7 34. Bxf7 Rfxf7 35. Rf5 Ne7 36. Rfxh5 Rxh5 37. Rxh5 Ng6 38. Kd2 b5 39. axb5+ axb5 40. Ke3 Ne7 41. Rh6 f5 42. Be5 Nc8 43. Bxd6 Nxd6 44. e5 Re7 45. Rxd6+ 1-0

[Event "Euskadi-chT (Vasca) Div Honor"]
[Site "Bergara"]
[Date "2017.01.21"]
[Round "2.4"]
[White "Sadusea, Johnny Fernando"]
[Black "Cinza Lopez, Javier"]
[Result "1/2-1/2"]
[WhiteElo "2102"]
[BlackElo "1990"]
[PlyCount "147"]
[EventDate "2017.01.14"]
[EventType "team-tourn"]
[EventRounds "9"]
[EventCountry "ESP"]
[SourceTitle "EXT 2024"]
[Source "ChessBase"]
[SourceDate "2023.10.10"]
[SourceVersion "1"]
[SourceVersionDate "2023.10.10"]
[SourceQuality "1"]

1. e4 d5 2. exd5 Qxd5 3. Nc3 Qd8 4. d4 Nf6 5. Nf3 c6 6. Bc4 Bf5 7. 0-0 e6 8. a4 Bb4 9. Bg5 h6 10. Bxf6 Qxf6 11. Ne5 0-0 12. Qe2 Rd8 13. Ne4 Qh4 14. Ng3 Qf6 15. Nh5 Qe7 16. g4 Bh7 17. c3 Bd6 18. f4 Bxe5 19. Qxe5 Qf8 20. f5 exf5 21. Rae1 Nd7 22. Qc7 Rac8 23. Qg3 c5 24. gxf5 cxd4 25. Bb5 f6 26. cxd4 a6 27. Bd3 Qf7 28. Nf4 Nf8 29. Ne6 Nxe6 30. fxe6 Qe7 31. Bxh7+ Kxh7 32. Qd3+ Kg8 33. Qe4 Rc4 34. Rd1 Rxa4 35. Rf5 Rd6 36. Rd5 Qxe6 37. Qxe6+ Rxe6 38. Rd7 b5 39. Kf2 Kf8 40. d5 Re7 41. Rd8+ Re8 42. Rd7 Rb4 43. Rd2 Rc8 44. Re2 Re8 45. Rd2 g5 46. b3 Rxb3 47. Rc2 Re7 48. Rd8+ Re8 49. Rd7 Re7 50. Rd8+ Kf7 51. d6 Re4 52. Rc7+ Kg6 53. Rg8+ Kf5 54. d7 Rb2+ 55. Kf1 Rd4 56. d8Q Rxd8 57. Rxd8 Rxh2 58. Rc6 Ra2 59. Rdd6 Ra1+ 60. Ke2 Ra2+ 61. Rd2 Ra4 62. Rdd6 Ra2+ 63. Ke3 Ra3+ 64. Rd3 Ra4 65. Rd5+ Kg6 66. Rdd6 Ra3+ 67. Rd3 Ra4 68. Rb6 h5 69. Rdd6 Ra3+ 70. Kf2 Ra2+ 71. Kg1 Ra1+ 72. Kg2 Ra2+ 73. Kg1 Ra1+ 74. Kg2 1/2-1/2

[Event "Getxo op 1st"]
[Site "Getxo"]
[Date "2016.09.15"]
[Round "8.4"]
[White "Huerga Leache, Mikel"]
[Black "Sadusea, Johnny Fernando"]
[Result "1-0"]
[WhiteElo "2451"]
[BlackElo "2151"]
[PlyCount "57"]
[EventDate "2016.09.10"]
[EventType "swiss"]
[EventCountry "ESP"]
[SourceTitle "EXT 2024"]
[Source "ChessBase"]
[SourceDate "2023.10.10"]
[SourceVersion "1"]
[SourceVersionDate "2023.10.10"]
[SourceQuality "1"]

1. Nf3 Nf6 2. c4 e6 3. g3 c5 4. Bg2 Nc6 5. 0-0 Be7 6. d4 cxd4 7. Nxd4 0-0 8. Nc3 a6 9. Bf4 Nxd4 10. Qxd4 d6 11. Qd2 h6 12. Rfd1 e5 13. Be3 Qc7 14. Rac1 Be6 15. Na4 Nd7 16. Qb4 Rab8 17. b3 b6 18. Nc3 Nc5 19. Qa3 a5 20. Nb5 Qd8 21. Qb2 Qd7 22. Qc3 Bg4 23. Rc2 Qe6 24. Rcd2 Rfd8 25. Na7 Rd7 26. Nc6 Re8 27. Bxc5 bxc5 28. Nxe7+ Rexe7 29. Bc6 1-0

[Event "Getxo op 1st"]
[Site "Getxo"]
[Date "2016.09.11"]
[Round "2.7"]
[White "Torres Garcia, Koldo"]
[Black "Sadusea, Johnny Fernando"]
[Result "0-1"]
[WhiteElo "1988"]
[BlackElo "2151"]
[PlyCount "90"]
[EventDate "2016.09.10"]
[EventType "swiss"]
[EventCountry "ESP"]
[SourceTitle "EXT 2024"]
[Source "ChessBase"]
[SourceDate "2023.10.10"]
[SourceVersion "1"]
[SourceVersionDate "2023.10.10"]
[SourceQuality "1"]

1. e4 c5 2. Nc3 Nc6 3. Bb5 Nd4 4. Nf3 Nxb5 5. Nxb5 a6 6. Nc3 b5 7. 0-0 d6 8. d4 cxd4 9. Qxd4 Bb7 10. a4 e5 11. Qd3 b4 12. Nd5 Bxd5 13. Qxd5 Rc8 14. Rd1 Qc7 15. Bd2 Nf6 16. Qd3 Qc4 17. Re1 a5 18. Rac1 Be7 19. Bg5 Nd7 20. Qe3 f6 21. Bh4 0-0 22. Qa7 Qc7 23. Qe3 Nb6 24. Qb3+ Kh8 25. c3 Qc6 26. Qe6 Rc7 27. c4 Nxa4 28. b3 Nc5 29. Qg4 Nxb3 30. Rc2 Nc5 31. Bg3 Qd7 32. Qh5 Qe8 33. Qh3 b3 34. Rc3 a4 35. Nh4 Qh5 36. f4 exf4 37. Bxf4 g5 38. Qf5 Qxh4 39. Bd2 Qh6 40. Rh3 Qg7 41. Bc3 Kg8 42. Ree3 Qg6 43. Qd5+ Rf7 44. Reg3 Bf8 45. Qd4 Nxe4 0-1

[Event "Medellin Flores op 23rd"]
[Site "Medellin"]
[Date "2016.08.07"]
[Round "9"]
[White "Sadusea, Johnny Fernando"]
[Black "Ruiz Aguilar, Pablo Alexander"]
[Result "1-0"]
[WhiteElo "2115"]
[BlackElo "2243"]
[PlyCount "135"]
[EventDate "2016.08.03"]
[EventType "swiss"]
[EventRounds "9"]
[EventCountry "COL"]
[SourceTitle "CBM 173 Extra"]
[Source "ChessBase"]
[SourceDate "2016.08.29"]
[SourceVersion "1"]
[SourceVersionDate "2016.08.29"]
[SourceQuality "1"]

1. e4 c5 2. Nf3 a6 3. c4 Nc6 4. d4 cxd4 5. Nxd4 Nf6 6. Nc3 d6 7. Be2 g6 8. 0-0 Bg7 9. Be3 0-0 10. Rc1 Bd7 11. Qd2 Re8 12. f3 Rc8 13. b3 Qa5 14. Rfd1 Nxd4 15. Bxd4 Bc6 16. Rc2 Nd7 17. Bxg7 Kxg7 18. f4 Qc5+ 19. Kh1 Nf6 20. Bf3 b5 21. cxb5 Bxe4 22. b4 Qc4 23. Nxe4 Qxc2 24. Qxc2 Rxc2 25. Nxf6 exf6 26. bxa6 d5 27. h3 Rxa2 28. b5 Ra5 29. Rxd5 h5 30. h4 Re1+ 31. Kh2 Rea1 32. Rc5 f5 33. Bb7 R1a3 34. Rd5 Kf8 35. Bc6 Ke7 36. Rd7+ Ke6 37. Rb7 f6 38. Rg7 R5a4 39. Bf3 Ra5 40. Rb7 Kd6 41. Rb6+ Kc5 42. Rxf6 Rxb5 43. Rxg6 Rb6 44. Rg5 Rf6 45. Bb7 Kb6 46. Rxh5 Ra4 47. g3 Ra2+ 48. Kh3 Ra5 49. Rg5 Rc5 50. h5 Ka7 51. Rg6 Rf8 52. Kh4 Rc2 53. h6 Rh2+ 54. Kg5 Rh3 55. Rf6 Rg8+ 56. Kxf5 Rh5+ 57. Ke6 Rxg3 58. Kf7 Rc5 59. Kf8 Rh5 60. Be4 Re3 61. Bf5 Rb3 62. h7 Rb8+ 63. Kg7 Rh2 64. Bg6 Rc8 65. Rf8 Rc4 66. h8Q Rxh8 67. Kxh8 Kxa6 68. f5 1-0

[Event "Medellin Flores op 23rd"]
[Site "Medellin"]
[Date "2016.08.06"]
[Round "7"]
[White "Sadusea, Johnny Fernando"]
[Black "Mateus Urbano, Luis Alejandro"]
[Result "1/2-1/2"]
[WhiteElo "2115"]
[BlackElo "2277"]
[PlyCount "56"]
[EventDate "2016.08.03"]
[EventType "swiss"]
[EventRounds "9"]
[EventCountry "COL"]
[SourceTitle "CBM 173 Extra"]
[Source "ChessBase"]
[SourceDate "2016.08.29"]
[SourceVersion "1"]
[SourceVersionDate "2016.08.29"]
[SourceQuality "1"]

1. e4 c5 2. Nf3 g6 3. Nc3 Bg7 4. Bc4 Nc6 5. 0-0 d6 6. h3 Nf6 7. d4 cxd4 8. Nxd4 0-0 9. Be3 Bd7 10. Bb3 Rc8 11. Nde2 a6 12. a4 Na5 13. Qd3 Nxb3 14. cxb3 Qa5 15. Nf4 Bc6 16. f3 Rfd8 17. Rfd1 e6 18. Qe2 Nh5 19. Nxh5 Qxh5 20. Bb6 Rf8 21. Rxd6 Be5 22. Rd2 Qg5 23. Be3 Qf6 24. Rc1 b5 25. b4 Qh4 26. Bf2 Qg5 27. Be3 Qh4 28. Bf2 Qg5 1/2-1/2

[Event "Medellin Flores op 23rd"]
[Site "Medellin"]
[Date "2016.08.05"]
[Round "4"]
[White "Escobar Medina, Andres F"]
[Black "Sadusea, Johnny Fernando"]
[Result "1-0"]
[WhiteElo "2297"]
[BlackElo "2115"]
[PlyCount "76"]
[EventDate "2016.08.03"]
[EventType "swiss"]
[EventRounds "9"]
[EventCountry "COL"]
[SourceTitle "CBM 173 Extra"]
[Source "ChessBase"]
[SourceDate "2016.08.29"]
[SourceVersion "1"]
[SourceVersionDate "2016.08.29"]
[SourceQuality "1"]

1. e4 c5 2. Nf3 d6 3. Bb5+ Bd7 4. Bxd7+ Qxd7 5. c4 Nc6 6. d4 cxd4 7. Nxd4 Nf6 8. Nc3 g6 9. f3 Bg7 10. Be3 0-0 11. 0-0 Rac8 12. Nde2 Rfd8 13. Qd2 b6 14. Rfd1 Qb7 15. b3 Ne5 16. Bg5 Ned7 17. Rac1 Nf8 18. Nd5 Nxd5 19. cxd5 Bf6 20. Bxf6 exf6 21. Nd4 Kg7 22. Nc6 Re8 23. Qf4 Qd7 24. h4 h6 25. h5 g5 26. Qg3 f5 27. Re1 f4 28. Qf2 Nh7 29. Qd4+ f6 30. Qb2 Nf8 31. Nd4 Rc5 32. Nf5+ Kf7 33. Nxh6+ Kg7 34. Nf5+ Kf7 35. b4 Rcc8 36. Re2 Qxf5 37. exf5 Rxe2 38. Qxe2 Rc7 1-0

[Event "Medellin Flores op 23rd"]
[Site "Medellin"]
[Date "2016.08.04"]
[Round "2"]
[White "Ruiz Castillo, Joshua Daniel"]
[Black "Sadusea, Johnny Fernando"]
[Result "0-1"]
[WhiteElo "2362"]
[BlackElo "2115"]
[PlyCount "116"]
[EventDate "2016.08.03"]
[EventType "swiss"]
[EventRounds "9"]
[EventCountry "COL"]
[SourceTitle "CBM 173 Extra"]
[Source "ChessBase"]
[SourceDate "2016.08.29"]
[SourceVersion "1"]
[SourceVersionDate "2016.08.29"]
[SourceQuality "1"]

1. e4 c5 2. Nf3 d6 3. d4 cxd4 4. Nxd4 Nf6 5. Nc3 a6 6. Bg5 e6 7. f4 Be7 8. Qf3 Qc7 9. 0-0-0 Nbd7 10. Bd3 Nc5 11. Kb1 b5 12. Bxf6 gxf6 13. f5 b4 14. Nce2 e5 15. Nb3 Nxd3 16. cxd3 a5 17. Rc1 Qd7 18. d4 Ba6 19. Ng3 Qb5 20. dxe5 dxe5 21. Rhd1 a4 22. Rd5 Qb6 23. Nc5 Bb5 24. Nh5 Rg8 25. Nd3 a3 26. b3 Rd8 27. Rxd8+ Qxd8 28. Nf2 Qd4 29. Rc2 Kd7 30. Ng3 Rc8 31. Ne2 Bxe2 32. Qxe2 Rxc2 33. Qxc2 Bd6 34. Nd1 Ke7 35. Qe2 Bc5 36. Kc2 Qa1 37. Kd3 Qd4+ 38. Kc2 Kf8 39. Kb1 h6 40. h3 h5 41. h4 Kg7 42. Kc2 Qa1 43. Kd3 Qd4+ 44. Kc2 Qa1 45. Kd3 Bd4 46. Kc4 Bb2 47. Qxh5 Qxa2 48. Qg4+ Kf8 49. Ne3 Bc1 50. Nd5 Qc2+ 51. Kb5 Bh6 52. Nxf6 Qd3+ 53. Kxb4 Qd6+ 54. Ka4 Qa6+ 55. Kb4 Bd2+ 56. Kc5 Qxf6 57. Qd1 a2 58. Qa1 Qa6 0-1

[Event "Bilbao op 9th"]
[Site "Bilbao"]
[Date "2016.07.17"]
[Round "5"]
[White "Sadusea, Johnny Fernando"]
[Black "Schut, Han"]
[Result "1/2-1/2"]
[WhiteElo "2099"]
[BlackElo "2111"]
[PlyCount "112"]
[EventDate "2016.07.13"]
[EventType "swiss"]
[EventRounds "10"]
[EventCountry "ESP"]
[SourceTitle "CBM 173 Extra"]
[Source "ChessBase"]
[SourceDate "2016.08.29"]
[SourceVersion "1"]
[SourceVersionDate "2016.08.29"]
[SourceQuality "1"]

1. e4 e5 2. Nf3 Nc6 3. d4 exd4 4. Nxd4 Nf6 5. Nxc6 bxc6 6. e5 Nd5 7. c4 Nb6 8. Bd3 Ba6 9. b3 d5 10. exd6 cxd6 11. 0-0 Be7 12. Bb2 0-0 13. Qc2 g6 14. Qc3 f6 15. Rd1 Nd7 16. Nd2 Ne5 17. Bf1 Qb6 18. Ne4 Rad8 19. Ba3 c5 20. f4 Nc6 21. Bb2 Nd4 22. Qd2 d5 23. cxd5 Rxd5 24. Bxa6 Qxa6 25. Kh1 Rfd8 26. Qf2 Qb6 27. Nc3 Rf5 28. Na4 Qc7 29. g3 Rfd5 30. Rac1 Nf5 31. Rxd5 Rxd5 32. Kg1 Qd7 33. Re1 c4 34. Qc2 cxb3 35. axb3 Kg7 36. Qc4 Rd1 37. Qe2 Rxe1+ 38. Qxe1 Qd3 39. Qc3 Qd1+ 40. Kf2 Qh1 41. Qf3 Qxh2+ 42. Qg2 Qxg2+ 43. Kxg2 h5 44. Nc3 Kf7 45. Nb5 Bc5 46. b4 Bxb4 47. Nxa7 Bd6 48. Nb5 Ke6 49. Nd4+ Nxd4 50. Bxd4 Kf5 51. Kf3 g5 52. fxg5 fxg5 53. g4+ hxg4+ 54. Kg2 Be5 55. Bb6 Ke4 56. Bd8 Bf4 1/2-1/2

[Event "Iberoamerican-ch 6th"]
[Site "Bilbao"]
[Date "2015.10.26"]
[Round "1"]
[White "Granda Zuniga, Julio E"]
[Black "Sadusea, Johnny Fernando"]
[Result "1-0"]
[WhiteElo "2667"]
[BlackElo "2094"]
[PlyCount "69"]
[EventDate "2015.10.26"]
[EventType "swiss"]
[EventRounds "9"]
[EventCountry "ESP"]
[SourceTitle "CBM 169 Extra"]
[Source "ChessBase"]
[SourceDate "2015.12.18"]
[SourceVersion "1"]
[SourceVersionDate "2015.12.18"]
[SourceQuality "1"]

1. d4 Nf6 2. c4 e6 3. Nc3 d5 4. Bg5 c6 5. e3 Nbd7 6. cxd5 exd5 7. Bd3 Bd6 8. Nge2 0-0 9. Qc2 h6 10. Bh4 Re8 11. h3 Nf8 12. g4 Ne6 13. 0-0-0 Be7 14. f4 Nd7 15. Bf2 Bh4 16. Ng3 Nc7 17. Rhg1 c5 18. g5 hxg5 19. Nf5 Bxf2 20. Qxf2 cxd4 21. exd4 Nf8 22. fxg5 Bxf5 23. Bxf5 Qd6 24. h4 Nce6 25. Rdf1 Re7 26. h5 g6 27. Bc2 Rd8 28. Qh4 Ng7 29. hxg6 fxg6 30. Kb1 Nh5 31. Nxd5 Rh7 32. Qg4 Kh8 33. Nf6 Nxf6 34. Rxf6 Qd7 35. Qf4 1-0

[Event "San Sebastian op 38th"]
[Site "San Sebastian"]
[Date "2015.04.01"]
[Round "6"]
[White "Boricsev, Oleg"]
[Black "Sadusea, Johnny Fernando"]
[Result "1-0"]
[WhiteElo "2356"]
[BlackElo "2071"]
[PlyCount "55"]
[EventDate "2015.03.28"]
[EventType "swiss"]
[EventRounds "9"]
[EventCountry "ESP"]
[SourceTitle "CBM 165 Extra"]
[Source "ChessBase"]
[SourceDate "2015.04.21"]
[SourceVersion "1"]
[SourceVersionDate "2015.04.21"]
[SourceQuality "1"]

1. e4 c5 2. Nf3 d6 3. c3 Nf6 4. e5 dxe5 5. Nxe5 e6 6. Bb5+ Nbd7 7. d4 Be7 8. 0-0 0-0 9. Qe2 cxd4 10. cxd4 Nd5 11. Bd2 N7f6 12. Nc3 Nc7 13. Bc4 Qxd4 14. Bg5 Nfd5 15. Bxe7 Nxe7 16. Rfd1 Qh4 17. g3 Qf6 18. Ng4 Qf5 19. Bd3 Qa5 20. Rac1 Ncd5 21. Qe5 f6 22. Qh5 g6 23. Qh4 Nxc3 24. Rxc3 Nd5 25. Bxg6 hxg6 26. Qh6 Ne7 27. Rcd3 Qf5 28. Rd8 1-0

[Event "San Sebastian op 38th"]
[Site "San Sebastian"]
[Date "2015.03.31"]
[Round "5"]
[White "Sadusea, Johnny Fernando"]
[Black "Hernandez Sanchez, Elvis de la Caridad"]
[Result "0-1"]
[WhiteElo "2071"]
[BlackElo "2308"]
[PlyCount "68"]
[EventDate "2015.03.28"]
[EventType "swiss"]
[EventRounds "9"]
[EventCountry "ESP"]
[SourceTitle "CBM 165 Extra"]
[Source "ChessBase"]
[SourceDate "2015.04.21"]
[SourceVersion "1"]
[SourceVersionDate "2015.04.21"]
[SourceQuality "1"]

1. e4 e6 2. d4 d5 3. exd5 exd5 4. Bd3 Nc6 5. c3 Bd6 6. Nf3 Bg4 7. 0-0 Nge7 8. Nbd2 Qd7 9. Re1 0-0-0 10. Qc2 Ng6 11. h3 Be6 12. Ng5 Nf4 13. Nxe6 fxe6 14. Nf3 Rdf8 15. Bxf4 Rxf4 16. Bb5 g5 17. Qe2 Re4 18. Qd3 g4 19. Ng5 Rf4 20. Nxe6 Rf6 21. Bxc6 bxc6 22. Nc5 Bxc5 23. dxc5 gxh3 24. g3 Rhf8 25. Re2 Kb7 26. Rae1 Qg4 27. Rf1 Rf3 28. Qd1 h5 29. Kh1 h4 30. Rg1 hxg3 31. fxg3 Rxg3 32. Rxg3 Qxg3 33. Qe1 Qf3+ 34. Kh2 Rg8 0-1

[Event "San Sebastian op 38th"]
[Site "San Sebastian"]
[Date "2015.03.30"]
[Round "4"]
[White "Jimenez Almeida, Luis David"]
[Black "Sadusea, Johnny Fernando"]
[Result "0-1"]
[WhiteElo "2244"]
[BlackElo "2071"]
[PlyCount "110"]
[EventDate "2015.03.28"]
[EventType "swiss"]
[EventRounds "9"]
[EventCountry "ESP"]
[SourceTitle "CBM 165 Extra"]
[Source "ChessBase"]
[SourceDate "2015.04.21"]
[SourceVersion "1"]
[SourceVersionDate "2015.04.21"]
[SourceQuality "1"]

1. d4 d5 2. Nf3 c6 3. c4 Nf6 4. e3 e6 5. b3 Nbd7 6. Bb2 Be7 7. Bd3 0-0 8. 0-0 b6 9. Nbd2 Bb7 10. Ne5 c5 11. f4 Ne4 12. Nxe4 dxe4 13. Bc2 f5 14. Qe2 Nxe5 15. fxe5 Qc7 16. Rad1 Rad8 17. g4 g6 18. Rf2 cxd4 19. Bxd4 Bg5 20. gxf5 exf5 21. b4 Bc8 22. c5 Be6 23. Bb3 Bxb3 24. axb3 Rfe8 25. Qc4+ Qf7 26. Qxf7+ Kxf7 27. Ra1 Re7 28. Rfa2 Rxd4 29. exd4 Be3+ 30. Kf1 Bxd4 31. Rd1 bxc5 32. bxc5 Bxc5 33. Rd5 Bb6 34. Rc2 Ke6 35. Rb5 Rd7 36. Rc6+ Ke7 37. h4 f4 38. Rb4 f3 39. Rd6 Rc7 40. Rxe4 Rc1+ 41. Re1 Rc2 42. Re4 Rf2+ 43. Ke1 Rh2 44. Rxb6 axb6 45. Rb4 Ke6 46. Rxb6+ Kxe5 47. Rb4 Kf5 48. Rc4 h6 49. b4 g5 50. hxg5 hxg5 51. Kf1 g4 52. Rc8 Rb2 53. Rb8 Kf4 54. Rf8+ Kg3 55. Ke1 Rxb4 0-1

[Event "Euskadi-chT (Vasca) Div Honor"]
[Site "Bergara"]
[Date "2015.01.17"]
[Round "2.2"]
[White "Gutierrez Bustillo, Diego"]
[Black "Sadusea, Johnny Fernando"]
[Result "1/2-1/2"]
[WhiteElo "1995"]
[BlackElo "2071"]
[PlyCount "102"]
[EventDate "2015.01.10"]
[EventType "team-tourn"]
[EventRounds "9"]
[EventCountry "ESP"]
[SourceTitle "EXT 2024"]
[Source "ChessBase"]
[SourceDate "2023.10.10"]
[SourceVersion "1"]
[SourceVersionDate "2023.10.10"]
[SourceQuality "1"]

1. e4 c5 2. Nc3 a6 3. g3 g6 4. Bg2 Bg7 5. f4 d6 6. Nf3 Nc6 7. d3 e6 8. Be3 Nd4 9. 0-0 Ne7 10. e5 Nef5 11. Bf2 0-0 12. exd6 Nxd6 13. Na4 Rb8 14. Ne5 f6 15. Nf3 Nxf3+ 16. Qxf3 b6 17. Rfe1 Nf5 18. Nc3 Nd4 19. Qd1 f5 20. Rb1 Qd6 21. Ne2 Re8 22. c3 Nxe2+ 23. Qxe2 e5 24. Rbd1 Bd7 25. fxe5 Rxe5 26. Qc2 Bc6 27. Bxc6 Qxc6 28. Rxe5 Bxe5 29. Qb3+ Kg7 30. d4 Bd6 31. dxc5 Bxc5 32. Qd5 Qxd5 33. Rxd5 Bxf2+ 34. Kxf2 Rb7 35. c4 Kf6 36. Ke3 Re7+ 37. Kd3 g5 38. Rd6+ Kg7 39. Rxb6 f4 40. gxf4 gxf4 41. Rb3 f3 42. Kd2 Re2+ 43. Kd1 Rxh2 44. Rxf3 Rxb2 45. Ra3 Rb4 46. Rc3 Rb6 47. Kc2 Kf6 48. Rh3 Ke5 49. Rxh7 Kd4 50. Rh4+ Kc5 51. Rh5+ Kb4 1/2-1/2